<?xml version="1.0" encoding="UTF-8"?>
<record
    xmlns:xsi="http://www.w3.org/2001/XMLSchema-instance"
    xsi:schemaLocation="http://www.loc.gov/MARC21/slim http://www.loc.gov/standards/marcxml/schema/MARC21slim.xsd"
    xmlns="http://www.loc.gov/MARC21/slim">

  <leader>00751nam a2200205 i 4500</leader>
  <controlfield tag="001">36560</controlfield>
  <controlfield tag="003">ES-MaACL</controlfield>
  <controlfield tag="005">20250914145929.0</controlfield>
  <controlfield tag="007">t|</controlfield>
  <controlfield tag="008">030218m19111912sp           |||| | spa d</controlfield>
  <datafield tag="100" ind1="1" ind2=" ">
    <subfield code="a">Bryce, James,</subfield>
    <subfield code="d">1838-1922</subfield>
    <subfield code="9">32253</subfield>
  </datafield>
  <datafield tag="245" ind1="1" ind2="3">
    <subfield code="a">La rep&#xFA;blica norteamericana / </subfield>
    <subfield code="c">por James Bryce ; traducci&#xF3;n por Adolfo Buylla y Adolfo Posada.</subfield>
  </datafield>
  <datafield tag="260" ind1=" " ind2=" ">
    <subfield code="a">Madrid : </subfield>
    <subfield code="b">La Espa&#xF1;a Moderna, </subfield>
    <subfield code="c">[1911-1912] (</subfield>
    <subfield code="f">Imp. de V. Tordesillas)</subfield>
  </datafield>
  <datafield tag="300" ind1=" " ind2=" ">
    <subfield code="a">2 v. (378, 334 p.) ; </subfield>
    <subfield code="c">23 cm.</subfield>
  </datafield>
  <datafield tag="650" ind1=" " ind2="4">
    <subfield code="a">Derecho constitucional-</subfield>
    <subfield code="z">Estados Unidos.</subfield>
    <subfield code="9">154479</subfield>
  </datafield>
  <datafield tag="700" ind1="1" ind2=" ">
    <subfield code="a">Buylla y Gonz&#xE1;lez Alegre, Adolfo A.,</subfield>
    <subfield code="d">1850-1927</subfield>
    <subfield code="9">32991</subfield>
  </datafield>
  <datafield tag="700" ind1="1" ind2=" ">
    <subfield code="a">Posada, Adolfo, </subfield>
    <subfield code="d">1860-1944</subfield>
    <subfield code="9">93316</subfield>
  </datafield>
  <datafield tag="852" ind1=" " ind2=" ">
    <subfield code="a">ES-MaACL</subfield>
    <subfield code="j">F-14951-52</subfield>
  </datafield>
  <datafield tag="999" ind1=" " ind2=" ">
    <subfield code="c">36560</subfield>
    <subfield code="d">36560</subfield>
  </datafield>
  <datafield tag="952" ind1=" " ind2=" ">
    <subfield code="0">0</subfield>
    <subfield code="1">0</subfield>
    <subfield code="4">0</subfield>
    <subfield code="7">0</subfield>
    <subfield code="a">ATENEOM</subfield>
    <subfield code="b">ATENEOM</subfield>
    <subfield code="c">SPP2</subfield>
    <subfield code="d">2008-01-17</subfield>
    <subfield code="e">SC</subfield>
    <subfield code="l">0</subfield>
    <subfield code="o">F-14951-52</subfield>
    <subfield code="p">1038420</subfield>
    <subfield code="r">2023-02-23 00:00:00</subfield>
    <subfield code="w">2023-02-23</subfield>
    <subfield code="y">MONOGRAFIA</subfield>
  </datafield>
</record>
